LEADER 02914nam 2200673 a 450 001 9910454794003321 005 20200520144314.0 010 $a1-84964-051-3 010 $a1-281-73312-1 010 $a9786611733124 010 $a0-585-43375-5 035 $a(CKB)111056486517322 035 $a(StDuBDS)AH23054314 035 $a(SSID)ssj0000224000 035 $a(PQKBManifestationID)12075898 035 $a(PQKBTitleCode)TC0000224000 035 $a(PQKBWorkID)10183912 035 $a(PQKB)10679653 035 $a(SSID)ssj0000519483 035 $a(PQKBManifestationID)12209526 035 $a(PQKBTitleCode)TC0000519483 035 $a(PQKBWorkID)10496947 035 $a(PQKB)10980162 035 $a(MiAaPQ)EBC3386357 035 $a(Au-PeEL)EBL3386357 035 $a(CaPaEBR)ebr10479895 035 $a(CaONFJC)MIL173312 035 $a(OCoLC)51066840 035 $a(EXLCZ)99111056486517322 100 $a20000505d2001 uy 0 101 0 $aeng 135 $aur||||||||||| 181 $ctxt 182 $cc 183 $acr 200 14$aThe politics of human rights in East Asia$b[electronic resource] /$fKenneth Christie and Denny Roy 210 $aLondon ;$aSterling, Va. $cPluto Press$d2001 215 $a1 online resource (320 p.) 300 $aBibliographic Level Mode of Issuance: Monograph 311 $a0-7453-1414-7 311 $a0-7453-1419-8 320 $aIncludes bibliographical references (p. 277-302) and index. 327 $apt. 1. Southeast Asia -- pt. 2. Northeast Asia. 330 $bRefugees fleeing East Timor. Tiananmen Square in China. The killing fields in Cambodia. Freedom of speech in Singapore. The subject of human rights in Asia is a hotly debated one. In The Politics of Human Rights in East Asia, the authors survey the human rights records and attitudes of each country. The countries covered are: China, Taiwan, Korea, Japan, Indonesia, Myanmar, Cambodia, Vietnam, Thailand, the Philippines, Malaysia and Singapore. Kenneth Christie covers Southeast Asia and Denny Roy covers Northeast Asia. They conclude with a discussion of the Association of East Asian Nation's (ASEAN) role and suggestions for the future. Throughout, they examine the competing meaning of human rights in the Western versus the non-Western context and place the role of human rights within the framework of each country's history and political and economic development. 606 $aHuman rights$zEast Asia 606 $aHuman rights$zSoutheast Asia 608 $aElectronic books. 615 0$aHuman rights 615 0$aHuman rights 676 $a323/.095 700 $aChristie$b Kenneth$0662397 701 $aRoy$b Denny$f1960-$0283435 801 0$bMiAaPQ 801 1$bMiAaPQ 801 2$bMiAaPQ 906 $aBOOK 912 $a9910454794003321 996 $aThe politics of human rights in East Asia$92098417 997 $aUNINA LEADER 01197nam 2200397 450 001 9910164214503321 005 20230809222727.0 010 $a1-4988-1538-3 035 $a(CKB)3710000001057529 035 $a(MiAaPQ)EBC4802789 035 $a(EXLCZ)993710000001057529 100 $a20170303h20172017 uy 0 101 0 $aeng 135 $aurcnu|||||||| 181 $2rdacontent 182 $2rdamedia 183 $2rdacarrier 200 10$aCampylobacteriosis $eglobal status /$fStephen Berger, MD ; cover design by GIDEON Informatics, Inc 205 $a2017 edition. 210 1$aLos Angeles, California :$cGIDEON Informatics, Inc.,$d2017. 210 4$dİ2017 215 $a1 online resource (135 pages) $ccolor illustrations, tables 225 1 $aGideon E-Book Series 410 0$aGideon e-book series. 606 $aCampylobacter infections$vStatistics 615 0$aCampylobacter infections 676 $a616.0145 700 $aBerger$b Stephen$01210032 712 02$aGideon Informatics, Inc., 801 0$bMiAaPQ 801 1$bMiAaPQ 801 2$bMiAaPQ 906 $aBOOK 912 $a9910164214503321 996 $aCampylobacteriosis$93378641 997 $aUNINA